Statistics for USA States With Biggest Percentage of Atheists

Click here to take the quiz!

General Stats

  • This quiz has been taken 164 times
  • The average score is 8 of 10

Answer Stats

%Answer% Correct
51.1Maine
92%
56.3Vermont
88%
43.7Washington
87%
49.2New Hampshire
86%
43.4Oregon
84%
41.0Rhode Island
84%
46.0Massachusetts
78%
42.7Alaska
78%
41.0Hawaii
78%
40.6Colorado
56%

Score Distribution

Percentile by Number Answered

Percent of People with Each Score

Your Score History

You have not taken this quiz